Дело об отметке в формулярах лиц, представляемых к производству в чины, если они были под судом, времени предания их суду

Доступно только в Электронных читальных залах Найти на картеНа карте
RUSMARC
00004237nmc2a22000003x 450
00144f06969-edbe-4061-b5e0-ba77a0fe905c
00520190109213648.0
100##$a20170706l18491849k l0rusy0189 ca
1010#$arus
102##$aRU
2001#$aДело об отметке в формулярах лиц, представляемых к производству в чины, если они были под судом, времени предания их суду
$j14 марта 1849 г.
251##$cДело
300##$aПо Канцелярии директора за 1849 год
300##$aОриг. заголовок дела: Дело о наблюдении, чтобы при представлениях к производству в чины лиц, бывших под судом, в формулярных их списках, было означаемо время предания их суду годами, месяцами и числами. 14 марта 1849 г
801#0$aRU
$bРГИА
$c20170706
$gRCR
801#1$aRU
$bГлавНИВЦ
$c20170706
$2rusmarc
801#2$aRU
$bПБ им. Б.Н. Ельцина
$c20190109
$gRCR
$2rusmarc
850##$aРГИА
852##$aРГИА
$eФедеральное казенное учреждение "Российский государственный исторический архив" (РГИА)
$j12489
937##$hРГИА
$d12247689
$aASBIBLIO_SCAN
462#0$1001dd3991dc-24e1-42ec-8838-ca4255420416
$12001
$a1746-1850 гг.
$1251
$cОпись
$1852
$j1
461#0$10019264ebf8-de62-4f1a-9eb4-9f22098dbbd5
$12001
$aДирекция императорских театров МИДв
$1251
$cФонд
$1852
$j497
215##$a2 л.
$d36,5х26 см
371##$aДокумент не является опубликованным и широко распространяемым
105##$ay###
1220#$ad
5171#$aДело о наблюдении, чтобы при представлениях к производству в чины лиц, бывших под судом, в формулярных их списках, было означаемо время предания их суду годами, месяцами и числами. 14 марта 1849 г
035##$a44f06969-edbe-4061-b5e0-ba77a0fe905c
856##$uhttp://readingroom.main.prlib.ru/item.aspx?id_node=n122805403&mode=full
Формат отображения